25 Most Planted Wine Grape Varieties in Spain - Statistics

General Stats
  • This quiz has been taken 11 times
  • The average score is 11 of 25
Answer Stats
Rank Grape Variety Vineyard Area (ha) % Correct
8 Cabernet Sauvignon 20,139
88%
19 Chardonnay 6,866
88%
21 Albariño / Alvarinho 5,393
75%
4 Garnacha Tinta / Grenache Noir 54,606
75%
13 Merlot 12,852
75%
2 Tempranillo / Tinta Roriz 193,597
75%
17 Mencía / Jaen 8,489
63%
5 Monastrell / Mourvèdre / Mataro 41,303
63%
24 Sauvignon Blanc 4,562
63%
10 Syrah / Shiraz 19,488
63%
1 Airén 203,276
50%
20 Cariñena / Mazuelo / Carignan 5,461
50%
6 Macabeo / Viura 36,963
50%
12 Verdejo 17,923
50%
11 Alicante Henri Bouschet 19,294
38%
14 Muscat of Alexandria 9,534
38%
3 Bobal 59,189
25%
9 Palomino Fino 20,110
25%
16 Pedro Ximénez 8,528
25%
15 Xarel·lo 8,534
25%
7 Cayetana Blanca / Jaén 36,252
13%
18 Parellada 7,137
13%
25 Alarije 4,407
0%
23 Chelva 5,029
0%
22 Tinto Velasco 5,369
0%
No matching quizzes found
Score Distribution
Percent of People with Each Score
Percentile by Number Answered
Your Score History
You have not taken this quiz